Quantitative Methods for Business Decisions (Record no. 2345)

MARC details
005 - DATE AND TIME OF LATEST TRANSACTION
control field 20250516071021.0
020 ## - INTERNATIONAL STANDARD BOOK NUMBER
International Standard Book Number 0-07-022751-9
082 ## - DEWEY DECIMAL CLASSIFICATION NUMBER
Classification number 658. 403 GAL
100 ## - MAIN ENTRY--PERSONAL NAME
Author name GALLAGHER, C. A.
245 ## - TITLE STATEMENT
Title Quantitative Methods for Business Decisions
260 ## - PUBLICATION, DISTRIBUTION, ETC.
Place of publication, distribution, etc. New York,
Name of publisher, distributor, etc. McGraw-Hill,
Date of publication, distribution, etc. 1980.
300 ## - PHYSICAL DESCRIPTION
Extent xvi, 604p.: ill.; figure, table.
Other physical details Bibliographies, index.
Dimensions 25cm.
700 ## - ADDED ENTRY--PERSONAL NAME
Other authors/Editors WATSON, H. J.
942 ## - ADDED ENTRY ELEMENTS (KOHA)
Source of classification or shelving scheme Dewey Decimal Classification
Koha item type Books
Holdings
Date last seen Total checkouts Full call number Barcode Cost, replacement price Price effective from Koha item type Lost status Source of classification or shelving scheme Damaged status Not for loan Withdrawn status Home library Current library Shelving location Date acquired Cost, normal purchase price
05/16/2025   658. 403 GAL 0000008929 30000.00 05/16/2025 Books   Dewey Decimal Classification       College of Business Education Main Library College of Business Education Main Library General Collection 04/06/1990 10000.00